Business environment: : text and cases
| Main Author: | |
|---|---|
| Format: | Book |
| Language: | English |
| Published: |
Daryaganj, India:bAnmol Publications Pvt.LTD ,
2010
|
| Subjects: |
MARC
| LEADER | 00000cam a2200000 7i4500 | ||
|---|---|---|---|
| 001 | 0000024336 | ||
| 005 | 20120509.0 | ||
| 008 | 120502s ii # eng | ||
| 020 | |a 9788126144662 , |c RM471.00 | ||
| 040 | |a INS | ||
| 090 | 0 | 0 | |a HD60 |b T36 2010 |
| 100 | 1 | |a Tandon,Anil | |
| 245 | 1 | 0 | |a Business environment: : |b text and cases |c Anil,Tandon |
| 260 | |a Daryaganj, India:bAnmol Publications Pvt.LTD , |c 2010 | ||
| 300 | |a 288p. ; |c 22cm. | ||
| 500 | |a Includes index | ||
| 650 | 0 | |a Business ethics | |
| 650 | 0 | |a Commercial law | |
| 650 | 0 | |a Industrial policy | |
| 999 | |a 1000000851 |b BOOK |c Open Shelf |e Default branch | ||